1941 1228 1387 1777 1507 1466 1779 1453 1940 1729 1215 1674 1478 1338 1941 1348 1532 1422 1753 1926 1410 1462 1667 1360 1170 1648 1377 1888 1068 1445 1536 1891 1369 1987 1512 1381 1302 1111 1758 1577 1560 1313 1547 1792 1425 1624 1029 1029 1827 1520 1929 1260 1744 1200 1843 1429 1001 1340 1942 1163 1369 1329 1300 1797 1375 1465 1217 1534 1097 1462 1511 1343 1633 1060 1816 1942 1009 1583 1630 1437 1696 1308 1628 1874 1577 1665 1226 1600 1692 1433 1883 1692 1645 1203 1655 1279 1543 1265 1430 BCNSPRNW ULIB Ver.6.0+V

เปลี่ยนเป็นภาษาไทย

Change to English
 แสดงรายละเอียดบรรณานุกรม
  กลับหน้าหลัก

Brief Record : Get Marc (ISO 2709) : E-mail record : QR code < ปิดหน้าต่าง
LEADER : 00000nam 2200000uu 4500
001    13399111800
003     ULIB
008    110708s2544||||th 000 0 tha d
020    9748212807
050 04 DS571^bส239ร ล.2 2544
100 0  สมบัติ พลายน้อย
245 10 รู้ร้อยแปด เล่ม 2/^cส.พลายน้อย [นามแฝง]
250    พิมพ์ครั้งที่ 2
260    กรุงเทพฯ :^bสารคดี,^c2544
300     2 เล่ม :^bภาพประกอบ
650  7 ความรู้ทั่วไป
650  7 วันสำคัญ^xประวัติ
650  7 ไทย^xรวมเรื่อง
651  7 ไทย^xความเป็นอยู่และประเพณี
945    ^p95^l0^i015979
995    ทศพร
999 ^a ใช้งานได้ทุกระบบ
รายการนี้ยังไม่มีแท็ก
คุณยังไม่ได้ล็อกอิน คุณสามารถมีกิจกรรมร่วมกับเว็บไซต์ได้ แต่ต้องล็อกอินก่อน ::
  ล็อกอิน

รายการสื่อสารสนเทศ

ลำดับที่ ประเภท เลขเรียก/บาร์โค้ด สถานที่ สถานะ
- ไม่พบข้อมูล -

รายการใกล้เคียง
    ผู้แต่ง [สมบัติ พลายน้อย]

    หัวเรื่อง [ความรู้ทั่วไป]

BibComment


ยังไม่เคยถูกคอมเมนท์

คอมเมนท์ทรัพยากรรายการนี้
  คอมเมนท์: รู้ร้อยแปด เล่ม 2..


 Copyright 2026. Bcnsprnw @Library